Musik in der Migration : Beobachtungen zur kulturellen Artikulation türkischer Jugendlicher in Deutschland.

Bibliographic Details
Main Author: Wurm, Maria.
Format: eBook
Language:German
Published: Bielefeld : transcript, 2015.
Edition:1st ed.
Series:Kultur und soziale Praxis
Subjects:
Online Access:Click to View
LEADER 03197nam a22003853i 4500
001 EBC6955692
003 MiAaPQ
005 20231204023222.0
006 m o d |
007 cr cnu||||||||
008 231204s2015 xx o ||||0 ger d
020 |a 9783839405116  |q (electronic bk.) 
020 |z 9783899425116 
035 |a (MiAaPQ)EBC6955692 
035 |a (Au-PeEL)EBL6955692 
035 |a (OCoLC)1049913530 
040 |a MiAaPQ  |b eng  |e rda  |e pn  |c MiAaPQ  |d MiAaPQ 
100 1 |a Wurm, Maria. 
245 1 0 |a Musik in der Migration :  |b Beobachtungen zur kulturellen Artikulation türkischer Jugendlicher in Deutschland. 
250 |a 1st ed. 
264 1 |a Bielefeld :  |b transcript,  |c 2015. 
264 4 |c {copy}2015. 
300 |a 1 online resource (248 pages) 
336 |a text  |b txt  |2 rdacontent 
337 |a computer  |b c  |2 rdamedia 
338 |a online resource  |b cr  |2 rdacarrier 
490 1 |a Kultur und soziale Praxis 
505 0 |a Cover Musik in der Migration -- Einleitung -- Musiknutzung im Kontext von Medien, Migration und Lebensstil -- Die Musik -- Zu den Begriffen Musik, populäre Musik und Popmusik -- Populäre Musik in der Türkei -- Exkurs: Türkische Medien in Deutschland -- Türkische Musik in Deutschland -- Medienforschung -- Transnationalisierung: Eine neue Perspektive auf weltweite Migration -- Lebensstilforschung -- Kritische Betrachtung des Forschungsstandes -- Die Befragten -- Zur Erhebungsmethode -- Die InterviewpartnerInnen -- Relevante Aspekte der Lebenssituation der Befragten -- Die Wohnsituation -- Persönliche Freiheit -- Sprachliche Situation -- Gleichaltrigengruppe und Freundeskreis -- Freizeit -- Die Praxisebene -- Die musikalische Sozialisation -- Allgemeine Musikpräferenzen -- Die verschiedenen Nutzungsweisen von Musik -- Musikhören -- Mitsingen und -tanzen -- Diskothekenbesuche -- Aktives Musizieren -- Technische Ausstattung und finanzieller Aufwand -- Informationsinteressen und -möglichkeiten -- Die Bedeutungsebene -- Die Differenzierung zwischen Musik und Person der InterpretInnen -- Politisches und soziales Engagement in und rund um Musik -- Das emotionale Erleben von Musik -- Exkurs: Die besondere Stellung von Black Music -- Die weitere Verbreitung türkischer Musik in Deutschland -- Coverversionen -- Mainstream -- Der Platz in der deutschen Gesellschaft -- ‚Bilder in den Köpfen' -- Der unbequeme Platz zwischen den Stühlen -- Selbstverortung innerhalb der deutschen Jugendkultur -- HeiratspartnerInnen -- Zukunftspläne: ‚Zurück' in die Türkei oder hinaus in die ganze Welt? -- Fazit -- Literaturverzeichnis. 
588 |a Description based on publisher supplied metadata and other sources. 
590 |a Electronic reproduction. Ann Arbor, Michigan : ProQuest Ebook Central, 2023. Available via World Wide Web. Access may be limited to ProQuest Ebook Central affiliated libraries.  
655 4 |a Electronic books. 
776 0 8 |i Print version:  |a Wurm, Maria  |t Musik in der Migration  |d Bielefeld : transcript,c2015  |z 9783899425116 
797 2 |a ProQuest (Firm) 
830 0 |a Kultur und soziale Praxis 
856 4 0 |u https://ebookcentral.proquest.com/lib/matrademy/detail.action?docID=6955692  |z Click to View